Préfectures de France : Clermont-Ferrand - Statistiques

Statistiques générales
  • Ce quiz a été pris 139 fois
  • Le résultat moyen est 14 sur 31
Statistiques - réponses
Question Réponse % Correct
Quel numéro porte celui-ci ? 63
99%
La ville appartient au diocèse de/d' Clermont
99%
La ville appartient à l'académie de/d' Clermont-Ferrand
99%
De quel département est-ce la préfecture ? Puy-de-Dôme
98%
A quelle région administrative appartient la ville depuis 2015 ? Auvergne-Rhône-Alpes
94%
Comment se nomment ses habitants ? Clermontois
94%
2 clubs sportifs sont au plus haut niveau, dans quelle discipline ? Rugby | Football
81%
Le journal local est La Montagne
78%
La principale industrie de la ville est Michelin
75%
Quelles sont les sous-préfectures qui en dépendent ? Riom
71%
Quelles sont les sous-préfectures qui en dépendent ? Issoire
65%
Ce polymathe est né dans la ville en 1623 (prénom et nom) Blaise Pascal
61%
Quelles sont les sous-préfectures qui en dépendent ? Thiers
55%
Le peuple gaulois installé dans la région est celui des Arvernes
53%
Quelles sont les sous-préfectures qui en dépendent ? Ambert
50%
Quelles fleurs figurent sur le blason de la ville lys
40%
Ce pape prêche la 1ère croisade à Clermont en 1095 Urbain II
35%
Les communes limitrophes dont le nom ne contient pas de A sont Durtol
31%
Les communes limitrophes dont le nom ne contient pas de A sont Lempdes
30%
La ville est en partie détruite en 1490 par un/une séisme | tremblement de terre
25%
Les communes limitrophes dont le nom ne contient pas de A sont Orcines
20%
Les cours d'eau qui l'arrosent sont le/la/l' Tiretaine
20%
Du 1er au IIIe siècle la ville se nomme Augustonemetum
7%
Les cours d'eau qui l'arrosent sont le/la/l' Artière
6%
La ville prend son nom actuel au {XVIIe} siècle
6%
Les cours d'eau qui l'arrosent sont le/la/l' Bédat
5%
Jusqu'en 507 la ville est intégrée au royaume... wisigoth
5%
Il a été maire de la ville de 1973 à 1997 bien que né dans le Pas-de-Calais (prénom et nom) Roger Quilliot
4%
A partir du IIIe siècle et jusqu'au XIVe, la ville se nomme Arvernis
3%
Citez une des villes africaines avec lesquelles la commune est jumelée Bizerte | Marrakech | Oyem
3%
La cathédrale romane est construite sur l'ordre de l'évêque... Etienne II
1%
Aucun quiz correspondant
Distribution des résultats
% des personnes avec chaque résultat
Percentile par nombre de réponses
Votre historique - résultats
Vous n’avez pas pris ce quiz